UBT Library

Pharmacological basis of nursing practice: (Record no. 1533)

000 -LEADER
fixed length control field 00344nam a22001217a 4500
008 - FIXED-LENGTH DATA ELEMENTS--GENERAL INFORMATION
fixed length control field 160423b xxu||||| |||| 00| 0 eng d
020 ## - INTERNATIONAL STANDARD BOOK NUMBER
International Standard Book Number 9780801662461
020 ## - INTERNATIONAL STANDARD BOOK NUMBER
International Standard Book Number 080166246
041 ## - LANGUAGE CODE
Language code of text/sound track or separate title eng
080 ## - UNIVERSAL DECIMAL CLASSIFICATION NUMBER
Universal Decimal Classification number 618.2
245 ## - TITLE STATEMENT
Title Pharmacological basis of nursing practice:
Statement of responsibility, etc Julia B. Clark; Sherry F. Queener; Virginia Burke Karb;
942 ## - ADDED ENTRY ELEMENTS (KOHA)
Source of classification or shelving scheme
Item type Books
Holdings
Withdrawn status Lost status Source of classification or shelving scheme Damaged status Not for loan Collection code Permanent location Current location Shelving location Date acquired Total Checkouts Full call number Barcode Date last seen Price effective from Koha item type
          Koleksioni i përgjithshem UBT - Lipjan UBT - Lipjan Koleksioni i përgjithshem 04/23/2016   618.2 CLA 002-027886 04/23/2016 04/23/2016 Books
UBT Library © 2015-2024. All rights reserved University Education for Business and Technology